Movies Quiz

Random Movies or Actor Quiz

Most Oscar ACTING Nominations by Director (up to 2018) Quiz Stats

 Plays Quiz not verified by Sporcle

Score 0/85 Timer 10:00
0 Plays Today
Total Noms Director % Correct
14*Steven Spielberg
94.3%
20Martin Scorsese
87.6%
14Francis Ford Coppola
78.7%
18Woody Allen
75.9%
13Clint Eastwood
75.7%
9John Ford
73.2%
9Alfred Hitchcock
72.4%
17Billy Wilder
68.1%
8Frank Capra
62.4%
35William Wyler
61.1%
7Quentin Tarantino
59.3%
7*Ridley Scott
58%
6Joel & Ethan Coen
55.8%
24Elia Kazan
55.3%
11David Lean
55.1%
9**Paul Thomas Anderson
54.8%
15John Huston
53.7%
8Milos Forman
53%
8Ron Howard
52.5%
8Oliver Stone
51.7%
8Jonathan Demme
49.5%
12David O Russell
47.3%
18Sidney Lumet
47.2%
18Mike Nichols
46.9%
23George Cukor
45%
10James L. Brooks
44.5%
12Sydney Pollack
44.4%
10Alejandro González Iñárritu
44.3%
10Richard Brooks
43.9%
Total Noms Director % Correct
8Victor Fleming
43.6%
10Michael Curtiz
41.4%
7Robert Wise
39%
8Warren Beatty
39%
12Joseph L. Mankiewicz
38.2%
7Tom Hooper
37.9%
17George Stevens
37.5%
20Fred Zinnemann
37.3%
6Robert Altman
37.1%
8Vincente Minnelli
34.4%
8Delbert Mann
34.2%
7Daniel Mann
34%
7Barry Levinson
33.9%
6Anthony Minghella
33.2%
6Rob Marshall
31.2%
13Norman Jewison
28.6%
8John Schlesinger
28.5%
8Robert Benton
27.9%
8Arthur Penn
27.4%
6Bennett Miller
26.7%
7John G. Avildsen
26.4%
9Leo McCarey
24.8%
8James Ivory
24.4%
7Tony Richardson
24.1%
16Stanley Kramer
23.8%
10Sam Wood
23.1%
8Alan J. Pakula
22.9%
7Alexander Payne
22.2%
6Stephen Daldry
22.2%
Total Noms Director % Correct
14Herbert Ross
21.8%
8Stephen Frears
21.7%
11Hal Ashby
21.2%
6Peter Bogdanovich
19.3%
8Jim Sheridan
19%
6Bruce Beresford
18.7%
9Otto Preminger
18%
7Clarence Brown
17.8%
9Henry King
16.3%
6William A. Wellman
15.3%
6Walter Lang
15.1%
8Robert Rossen
14.3%
13Martin Ritt
13.7%
12Mervyn LeRoy
12.8%
9Mark Rydell
11.3%
10Mark Robson
10.5%
6Blake Edwards
10.4%
6John Frankenheimer
9.9%
6Joshua Logan
8.9%
6William Dieterle
8.9%
6Gregory La Cava
8.6%
6Edward Dmytryk
8%
6George Seaton
7.6%
6Paul Mazursky
6.9%
8Henry Koster
6.8%
7Edmund Goulding
6.1%
9John Cromwell
5.6%

You're not logged in!

Compare scores with friends on all Sporcle quizzes.
OR
Log In

Show Comments

Extras

Top Quizzes Today


Score Distribution

Your Account Isn't Verified!

In order to create a playlist on Sporcle, you need to verify the email address you used during registration. Go to your Sporcle Settings to finish the process.

Report this User

Report this user for behavior that violates our Community Guidelines.

Details: